| 000 | 01525nam a2200325Ia 4500 | ||
|---|---|---|---|
| 001 | G1954 | ||
| 003 | IT-RoPAU | ||
| 008 | 130308s9999 xx 000 0 und d | ||
| 040 | _aIT-RoPAU | ||
| 040 | _cIT-RoPAU | ||
| 041 | _aFRANCESE | ||
| 100 | _aSegalen Martine | ||
| 100 | _gCodice Aut. SPICS: 54008 | ||
| 242 | _aRITI E rituali CONTEMPORANEI | ||
| 242 | _nCod. Traduzione Titolo: H7530 | ||
| 242 | _yITA | ||
| 245 | _aRites et rituels contemporains | ||
| 245 | _bRites et rituels Contemporains | ||
| 250 | _a1a ed. | ||
| 260 | _aPARIS | ||
| 260 | _bNathan | ||
| 260 | _c1998 [1° Ed.:1998 - Ed.Ling.Originale:1998] | ||
| 300 | _a"128 p. (prefazione: no ; testo: 128 [pagine: 0-0])" | ||
| 500 | _aRiti e rituali Contemporanei. Rito, Sacro e Simbolo: Emile Durkheim: rito è Sacro, Sacro sacrificio ed Efficacia del rituale in Marcel Mauss e Mary Douglas. riti di Passaggio: Opera di Arnold Van Gennep. Uomini, sport e Riti: Uomini e Animali, Football e Suoi Supporti, corsa a piedi con I Suoi riti e Simboli, Attività Inclassificabili Alle Funzioni Rituali. secolare e Singolare: Funzione Comunicativa del Rito, festa Spettacolo e Politica, impresa e Riti, comportamenti rituali o Etichette di Civilta'? Plasticità, Polisemia e cambiamenti Sociali: Esempio del Matrimonio, matrimonio Fra Tradizione e Cambiamento, sposarsi nell'Anno 2000. Bibliografia. | ||
| 650 | _aSOCIOLOGIA DELLA COMUNICAZIONE SOCIALE | ||
| 650 | _eCodice materia Spics: 3806 | ||
| 942 | _cBK | ||
| 957 | _71 | ||
| 999 |
_c89528 _d89528 |
||
| 999 | _g1 | ||